Nový úverový program pre malých a stredných podnikateľov Národná agentúra chce podporiť podnikateľov, ktorí sa doteraz nemohli uchádzať o podporné úvery
Podporný úverový program vo výške 600 mil. Sk, podmienky získania pôžičky (od spt. 1994). Cieľ - vytvoriť stály úverový zdroj. NAR MSP koordinátorom, o úvere rozhoduje banka.
Gespeichert in:
| 1. Verfasser: | |
|---|---|
| Format: | Buchkapitel |
| Sprache: | Slowakisch |
| Schlagworte: | |
| Tags: |
Keine Tags, Fügen Sie das erste Tag hinzu!
|
MARC
| LEADER | 00000naa a2200000 4500 | ||
|---|---|---|---|
| 001 | r016016 | ||
| 005 | 20221213114620.4 | ||
| 041 | 0 | |a slo | |
| 044 | |a SK | ||
| 245 | 1 | 0 | |a Nový úverový program pre malých a stredných podnikateľov |b Národná agentúra chce podporiť podnikateľov, ktorí sa doteraz nemohli uchádzať o podporné úvery |c D. Lajčiaková |
| 520 | |a Podporný úverový program vo výške 600 mil. Sk, podmienky získania pôžičky (od spt. 1994). Cieľ - vytvoriť stály úverový zdroj. NAR MSP koordinátorom, o úvere rozhoduje banka. | ||
| 610 | 2 | 0 | |a podpora podnikania |
| 610 | 2 | 0 | |a Slovensko |
| 610 | 2 | 0 | |a NARMSP Bratislava |
| 610 | 2 | 0 | |a úver |
| 610 | 2 | 0 | |a podnikanie |
| 610 | 2 | 0 | |a PHARE |
| 610 | 2 | 0 | |a banky obchodné |
| 610 | 2 | 0 | |a rozpočet štátny |
| 100 | 1 | |a Lajčiaková, D. | |